1730 1088 1307 1920 1141 1585 1838 1490 1075 1431 1474 1711 1292 1418 1986 1528 1839 1644 1147 1649 1965 1433 1269 1533 1836 1835 1052 1666 1242 1636 1002 1942 1781 1988 1149 1216 1870 1917 1573 1484 1413 1718 1864 1810 1469 1333 1610 1312 1861 1318 1937 1123 1183 1946 1489 1165 1748 1367 1267 1717 1623 1207 1325 1622 1820 1194 1474 1563 1357 1414 1938 1749 1462 1296 1292 1466 1063 1146 1193 1573 1709 1770 1084 1840 1842 1288 1834 1465 1152 1025 1775 1359 1165 1226 1274 1372 1568 1164 1475 BCNSPRNW ULIB Ver.6.0+V

เปลี่ยนเป็นภาษาไทย

Change to English
 แสดงรายละเอียดบรรณานุกรม
  กลับหน้าหลัก

Brief Record : Get Marc (ISO 2709) : E-mail record : QR code < ปิดหน้าต่าง
LEADER : 00000nam 2200000uu 4500
001    13399112200
003     ULIB
008    110801s2554||||th 000 0 tha d
020    9789195001373
090    นว.^bย236พ 2554
100 0  ยาใจ
245 00 พรหมเล่นรัก./^cยาใจ
260    กรุงเทพฯ :^bพิมพ์คำ,^c2554.
300    277 หน้า:^c21 ซม.
945    ^p180^l0^i18456
995    เกษร
999 ^a ใช้งานได้ทุกระบบ
รายการนี้ยังไม่มีแท็ก
คุณยังไม่ได้ล็อกอิน คุณสามารถมีกิจกรรมร่วมกับเว็บไซต์ได้ แต่ต้องล็อกอินก่อน ::
  ล็อกอิน

รายการสื่อสารสนเทศ

ลำดับที่ ประเภท เลขเรียก/บาร์โค้ด สถานที่ สถานะ
1. นวนิยาย
นวนิยาย
นว. ย236พ 2554  
  Barcode: 18456
ห้องสมุดวิทยาเขตสวรรค์ประชารักษ์
►นวนิยาย
บนชั้น
  ขอยืม

รายการใกล้เคียง
    ผู้แต่ง [ยาใจ]

BibComment


ยังไม่เคยถูกคอมเมนท์

คอมเมนท์ทรัพยากรรายการนี้
  คอมเมนท์: พรหมเล่นรัก ยาใจ


 Copyright 2026. Bcnsprnw @Library